Wildlife and Natural Environment Bill (Record no. 110676)
[ view plain ]
| 000 -LEADER | |
|---|---|
| fixed length control field | 00933cad a22002175a 4500 |
| 001 - CONTROL NUMBER | |
| control field | E149900 |
| 008 - FIXED-LENGTH DATA ELEMENTS--GENERAL INFORMATION | |
| fixed length control field | 100512s2010 xxk f s000 0 eng d |
| 020 ## - INTERNATIONAL STANDARD BOOK NUMBER | |
| International Standard Book Number | 9780755993529 |
| 035 ## - SYSTEM CONTROL NUMBER | |
| System control number | (Sirsi) u149900 |
| 041 0# - LANGUAGE CODE | |
| Language code of text/sound track or separate title | eng |
| 110 2# - MAIN ENTRY--CORPORATE NAME | |
| Corporate name or jurisdiction name as entry element | Scotland |
| Subordinate unit | Scottish Government |
| 9 (RLIN) | 5344 |
| 245 00 - TITLE STATEMENT | |
| Title | Wildlife and Natural Environment Bill |
| Remainder of title | consultation report |
| Medium | [electronic resource] |
| 260 ## - PUBLICATION, DISTRIBUTION, ETC. | |
| Place of publication, distribution, etc. | Edinburgh |
| Name of publisher, distributor, etc. | Scottish Government |
| Date of publication, distribution, etc. | 2010 |
| 520 ## - SUMMARY, ETC. | |
| Summary, etc. | Following the consultation which took place into the proposed Wildlife and Natural Environment Bill and the responses received to it (see E147907), this report outlines how the Scottish Government will proceed with the issue. |
| 521 ## - TARGET AUDIENCE NOTE | |
| Target audience note | Advanced |
| 590 ## - LOCAL NOTE (RLIN) | |
| Local note | KA |
| 651 #4 - SUBJECT ADDED ENTRY--GEOGRAPHIC NAME | |
| Geographic name | Scotland |
| Chronological subdivision | 1999- |
| 690 ## - LOCAL SUBJECT ADDED ENTRY--TOPICAL TERM (OCLC, RLIN) | |
| Topical term or geographic name as entry element | ENVIRONMENTAL AND LAND CONSULTANCY |
| 856 40 - ELECTRONIC LOCATION AND ACCESS | |
| Uniform Resource Identifier | <a href="https://www.scotland.gov.uk/Publications/2010/05/11155724/0">https://www.scotland.gov.uk/Publications/2010/05/11155724/0</a> |
| Public note | View the report free of charge at www.scotland.gov.uk |
| 942 ## - ADDED ENTRY ELEMENTS (KOHA) | |
| Suppress in OPAC | 0 |
| Withdrawn status | Lost status | Source of classification or shelving scheme | Damaged status | Not for loan | Home library | Current library | Shelving location | Date acquired | Total Checkouts | Full call number | Barcode | Date last seen | Copy number | Price effective from | Koha item type |
|---|---|---|---|---|---|---|---|---|---|---|---|---|---|---|---|
| Dewey Decimal Classification | Virtual | Virtual | Online | 12/05/2010 | ONLINE PUBLICATION | 149900-2001 | 06/08/2019 | 1 | 06/08/2019 | Book |